Quality system registration.
Postup pri registrácii systémov starostlivosti o akosť podľa noriem ISO radu 9000, upravujúcich preberanie produkcie subdodávateľa výrobcom z hľadiska zabezpečenia akosti výrobkov. Predpoklady pre registráciu a jej výhody.
Gespeichert in:
| 1. Verfasser: | |
|---|---|
| Format: | Buchkapitel |
| Sprache: | Englisch |
| Schlagworte: | |
| Tags: |
Keine Tags, Fügen Sie das erste Tag hinzu!
|
MARC
| LEADER | 00000naa a2200000 4500 | ||
|---|---|---|---|
| 001 | r006281 | ||
| 005 | 20221213084447.6 | ||
| 041 | 0 | |a eng | |
| 044 | |a US | ||
| 245 | 1 | 0 | |a Quality system registration. |c G.Q. Lofgren |
| 520 | |a Postup pri registrácii systémov starostlivosti o akosť podľa noriem ISO radu 9000, upravujúcich preberanie produkcie subdodávateľa výrobcom z hľadiska zabezpečenia akosti výrobkov. Predpoklady pre registráciu a jej výhody. | ||
| 610 | 2 | 0 | |a kvalita výrobkov |
| 610 | 2 | 0 | |a ISO 9000 |
| 610 | 2 | 0 | |a normy |
| 610 | 2 | 0 | |a riadenie kvality |
| 100 | 1 | |a Lofgren, G.Q. | |